000 00298nam a22001457a 4500
008 230522b ||||| |||| 00| 0 eng d
020 _a9782264078124
041 _aFRA
080 _a82
082 _a82McC
100 _a38
101 _aGJL
245 _aAPEIROGON
_cMcCANN.C
942 _2udc
_cBK
999 _c59791
_d59791